Decarbonising UK real estate: (Record no. 121710)

MARC details
000 -LEADER
fixed length control field 01267nam a22002777a 4500
001 - CONTROL NUMBER
control field 121710
008 - FIXED-LENGTH DATA ELEMENTS--GENERAL INFORMATION
fixed length control field 221228s2023 xxk|||||o|||| 00| 0 eng d
020 ## - INTERNATIONAL STANDARD BOOK NUMBER
ISBN 9781783215096
041 ## - LANGUAGE CODE
Language code of text/sound track or separate title eng
100 ## - MAIN ENTRY--PERSONAL NAME
Personal author Varriale, Fabrizio
110 ## - MAIN ENTRY--CORPORATE NAME
Corporate author Royal Institution of Chartered Surveyors
245 ## - TITLE STATEMENT
Title Decarbonising UK real estate:
Subtitle Addendum to the November 2022 report Decarbonising UK real estate
Medium [Electronic resource]
260 ## - PUBLICATION INFORMATION
Place of publication London,
Publisher Royal Institution of Chartered Surveyors,
Date November 2023
300 ## - PHYSICAL DESCRIPTION
Physical description 17p.
490 ## - SERIES TITLE
Series statement RICS Policy Paper
520 ## - ABSTRACT
Abstract Since the original report was published, several relevant policy developments have taken place under the UK government led by Rishi Sunak. This addendum to the 2022 report examines these developments to understand whether progress has been made against the gaps that were identified.
650 ## - KEYWORDS
Keywords CLIMATE CHANGE ACT 2008
650 ## - KEYWORDS
Keywords NET ZERO
650 ## - KEYWORDS
Keywords DECARBONISATION
651 ## - SUBJECT ADDED ENTRY--GEOGRAPHIC NAME
Geographic name United Kingdom
690 ## - BROAD SUBJECT
9 (RLIN) 6238
Broad subject Environment
690 ## - BROAD SUBJECT
9 (RLIN) 6307
Broad subject Built Environment
710 ## - ADDED CORPORATE NAME
Added corporate author Royal Institution of Chartered Surveyors
856 ## - ONLINE RESOURCE
Uniform Resource Identifier <a href="https://www.rics.org/content/dam/ricsglobal/documents/reports/rics-cop28-policy-paper-united-kingdom.pdf">https://www.rics.org/content/dam/ricsglobal/documents/reports/rics-cop28-policy-paper-united-kingdom.pdf</a>
Public note available on rics.org
942 ## - ADDED ENTRY ELEMENTS (KOHA)
Suppress in OPAC Do not suppress in OPAC
Holdings
Lost status Damaged status Not for loan Current library Shelving location Date acquired Total Checkouts Full call number Date last seen Price effective from Koha item type
      Virtual Online 10/11/2023   ONLINE PUBLICATION 10/11/2023 10/11/2023 Online material